• 首页
  • 本馆介绍
  • 公告通知
  • 最新文献
  • 馆藏检索
  • 电子资源
  • 读者导购
  • 参考咨询
  • 我的图书馆
  • 登录
  • 详细信息显示
  • 放入我的书架
  • 预约/预借图书
  • 作者相关作品
  • 分类相关作品
  • 丛书相关作品
  • 出版社相关作品

书目信息

  • 表格格式
  • 工作单格式
  • 卡片格式
题名:
楼宇自动化技术与应用
    
 
作者: 陈虹 编
分册:  
出版信息: 北京   机械工业出版社  2005
页数: 324页
开本: 26cm
丛书名:
单 册:
中图分类: TU855
科图分类:
主题词: 房屋建筑设备:机电设备
电子资源:
ISBN: 7-111-11890-1
000 00605nam0 2200205 450
001 0634969222
005 20060930094419.59
010    @a7-111-11890-1@dCNY28.00
100    @a20060930d2005 km y0chiy0120 ea
101 0  @achi
102    @aCN@b110000
200 1  @a楼宇自动化技术与应用@Alou yu zi dong hua ji shu yu ying yong@f陈虹 编@Fchen hong bian
210    @a北京@c机械工业出版社@d2005
215    @a324页@d26cm
300    @a普通高等教育智能建筑规划教材
606 0  @a房屋建筑设备:机电设备
690    @aTU855@v3
701  0 @a陈虹@Achen hong@4编
801  0 @aCN@bPFT@c20060930
905    @a10447@dTU855@e315
    
    楼宇自动化技术与应用/陈虹 编.-北京:机械工业出版社,2005
    324页;26cm
    普通高等教育智能建筑规划教材
    
    ISBN 7-111-11890-1:CNY28.00
    
●
相关链接 在E读中查询图书 在五车中查询图书 在当当中查询图书 在豆瓣中查询图书


正题名:楼宇自动化技术与应用     索取号:TU855/315         预约/预借

序号 登录号 条形码 馆藏地/架位号 状态 备注
1 0501470   205014704   密集书库/ [索取号:TU855/315] 在馆    
唐山师范学院图书馆 欢迎您!
大连网信软件有限公司© 版权所有